00829cam a2200181 450000500170000000800410001702000150005805000210007310000210009424502920011525000110040726000660041830000290048450400430051350600140055665000490057065000280061920250711132059.0030905s1998 ag 000 0 spa u a950508508704aKHA150bH47 19981 aHerrera, Enrique10aPráctica metodológica de la investigación jurídica b : Etapas de la investigación, Planificación de la obra, Relevamiento y clasificación del material erudito, Fuentes del conocimiento, Recursos informáticos, Redacción del texto, Perfeccionamientoc / Enrique Herrera. a1a ed. aBuenos Aires : bAstrea de Alfredo y Ricardo Depalma, c1998. axxxii, 304 p. ; c23 cm. aBibliografía : p. 291-294 e índice aRec. Esc. 72lembaInvestigación jurídica zArgentina 7aDerecho xMetodología